[Event "NED-chT 0102"]
[Site "Netherlands"]
[Date "2002.03.16"]
[Round "7.10"]
[White "Leenhouts, Koen"]
[Black "Boersma, Paul"]
[Result "1-0"]
[WhiteElo "2118"]
[BlackElo "2311"]
[PlyCount "67"]
[EventDate "2001.09.29"]
[EventType "team-tourn"]
[EventRounds "9"]
[EventCountry "NED"]
[SourceTitle "EXT 2015"]
[Source "ChessBase"]
[SourceDate "2014.11.20"]
[SourceVersion "1"]
[SourceVersionDate "2014.11.20"]
[SourceQuality "1"]
[WhiteTeam "Sas van Gent"]
[BlackTeam "Hilversum HSG"]
[WhiteTeamCountry "NED"]
[BlackTeamCountry "NED"]

1. e4 e5 2. Nf3 Nc6 3. Bb5 a6 4. Ba4 Nf6 5. Qe2 b5 6. Bb3 Bc5 7. c3 d6 8. h3 Be6 9. Bxe6 fxe6 10. 0-0 0-0 11. Rd1 Nd7 12. d4 Bb6 13. Be3 Qf6 14. a4 exd4 15. cxd4 e5 16. dxe5 Ndxe5 17. Nxe5 dxe5 18. axb5 Bxe3 19. fxe3 axb5 20. Rxa8 Rxa8 21. Qxb5 Rd8 22. Rxd8+ Nxd8 23. Qe8+ Qf8 24. Qxe5 c6 25. Nd2 Qf7 26. Nc4 Qe6 27. Qb8 Qxc4 28. Qxd8+ Kf7 29. Qd4 Qe2 30. e5 c5 31. Qd7+ Kf8 32. Qd6+ Ke8 33. Qc6+ Kd8 34. Qxc5 1-0

[Event "NED-chT 9900"]
[Site "Netherlands"]
[Date "2000.02.06"]
[Round "2"]
[White "Riemens, Michael"]
[Black "Boersma, Paul"]
[Result "1/2-1/2"]
[WhiteElo "2287"]
[BlackElo "2331"]
[PlyCount "66"]
[EventDate "2000.02.05"]
[EventType "team-tourn"]
[EventRounds "9"]
[EventCountry "NED"]
[SourceTitle "CBM 074 Extra"]
[Source "ChessBase"]
[SourceDate "2000.03.10"]
[SourceVersion "2"]
[SourceVersionDate "2000.03.10"]
[SourceQuality "1"]
[WhiteTeam "Groningen"]
[BlackTeam "Hilversum HSG"]
[WhiteTeamCountry "NED"]
[BlackTeamCountry "NED"]

1. Nf3 Nf6 2. g3 d5 3. Bg2 c6 4. 0-0 Bg4 5. d3 Nbd7 6. Nbd2 e5 7. e4 dxe4 8. dxe4 Bc5 9. h3 Bh5 10. Qe1 0-0 11. Nc4 Bxf3 12. Bxf3 b5 13. Ne3 Re8 14. b4 Bf8 15. a4 a5 16. axb5 axb4 17. Rxa8 Qxa8 18. bxc6 Qxc6 19. Bd2 Rb8 20. g4 Nc5 21. Bxb4 Ne6 22. Bc3 Nd4 23. Bxd4 exd4 24. Nf5 Qxc2 25. Nxd4 Qc5 26. Nf5 Qe5 27. Bg2 Bc5 28. Kh1 Qf4 29. Qc1 Qxc1 30. Rxc1 Bxf2 31. e5 Nd7 32. Ne7+ Kf8 33. Nc6 Re8 1/2-1/2

[Event "NED-chT"]
[Site "Netherlands"]
[Date "1998.??.??"]
[Round "?"]
[White "Boersma, Paul"]
[Black "Tjiam, Dharma"]
[Result "0-1"]
[WhiteElo "2345"]
[BlackElo "2305"]
[PlyCount "64"]
[EventDate "1998.??.??"]
[EventType "team"]
[EventRounds "9"]
[EventCountry "NED"]
[SourceTitle "EXT 2007"]
[Source "ChessBase"]
[SourceDate "2006.11.23"]
[SourceVersion "1"]
[SourceVersionDate "2006.11.23"]
[SourceQuality "1"]

1. d4 Nf6 2. c4 e6 3. Nf3 Bb4+ 4. Nbd2 b6 5. a3 Bxd2+ 6. Qxd2 Bb7 7. e3 0-0 8. b3 d6 9. Bb2 Nbd7 10. Be2 Qe7 11. 0-0 Ne4 12. Qc2 f5 13. Ne1 Qg5 14. Rd1 Rae8 15. b4 Ndf6 16. Bc1 Ng4 17. f3 Nxh2 18. Kxh2 Qh4+ 19. Kg1 Ng3 20. Nd3 Rf6 21. Nf2 Rg6 22. d5 e5 23. Rfe1 Rh6 24. Nh3 g5 25. Qa4 Re7 26. Qxa7 Bc8 27. Qb8 Re8 28. Qxc7 g4 29. fxg4 fxg4 30. e4 gxh3 31. Bxh6 h2+ 32. Kf2 Nf5+ 0-1

[Event "Lost Boys op"]
[Site "Antwerp"]
[Date "1997.08.04"]
[Round "3"]
[White "Ljubojevic, Ljubomir"]
[Black "Boersma, Paul"]
[Result "1-0"]
[WhiteElo "2565"]
[BlackElo "2350"]
[PlyCount "81"]
[EventDate "1997.08.02"]
[EventType "swiss"]
[EventRounds "9"]
[EventCountry "BEL"]
[SourceTitle "CBM 059 Extra"]
[Source "ChessBase"]
[SourceDate "1997.09.26"]
[SourceVersion "1"]
[SourceVersionDate "1997.09.26"]
[SourceQuality "1"]

1. Nf3 d5 2. g3 Nf6 3. Bg2 c6 4. d3 Bg4 5. Nbd2 Nbd7 6. h3 Bxf3 7. Nxf3 e5 8. 0-0 Bc5 9. Rb1 Qe7 10. a3 e4 11. dxe4 Nxe4 12. e3 0-0 13. c3 Rfe8 14. Qc2 Nb6 15. a4 a5 16. Ra1 Nc4 17. b3 Ncd6 18. Nd4 Rad8 19. Bb2 h6 20. Rad1 Bb6 21. c4 dxc4 22. bxc4 Bc5 23. Rd3 Bb4 24. Nb3 Ng5 25. Rd4 Ne6 26. Rg4 f5 27. Rh4 Rf8 28. c5 Ne8 29. Rc4 N8c7 30. h4 Na6 31. Rc1 Qd7 32. Bf1 Qd5 33. Be2 Qd7 34. Be5 Qe7 35. Bd6 Rxd6 36. cxd6 Qxd6 37. Nd4 Nac5 38. Nxf5 Qd2 39. Rxc5 Qxc2 40. Nxh6+ gxh6 41. R5xc2 1-0

[Event "Leeuwarden op"]
[Site "Leeuwarden"]
[Date "1997.??.??"]
[Round "5"]
[White "Blees, Albert"]
[Black "Boersma, Paul"]
[Result "1-0"]
[WhiteElo "2450"]
[BlackElo "2350"]
[PlyCount "147"]
[EventDate "1997.11.08"]
[EventType "swiss"]
[EventRounds "9"]
[EventCountry "NED"]
[SourceTitle "EXT 1999"]
[Source "ChessBase"]
[SourceDate "1998.11.16"]
[SourceVersion "1"]
[SourceVersionDate "1998.11.16"]
[SourceQuality "1"]

1. e4 d6 2. d4 g6 3. Nc3 Bg7 4. Be3 Nd7 5. Qd2 a6 6. Nf3 b5 7. Bd3 c5 8. a4 b4 9. Ne2 cxd4 10. Nexd4 Ngf6 11. Bh6 Bxh6 12. Qxh6 Bb7 13. 0-0 Rc8 14. Rad1 Qa5 15. Ng5 Rf8 16. Nb3 Qe5 17. f4 Qxb2 18. h3 Nc5 19. Nxc5 Rxc5 20. Rde1 Qc3 21. Re3 Qd4 22. Rfe1 Rc3 23. Kh2 Nh5 24. Nf3 Qf6 25. g3 Qg7 26. Qxg7 Nxg7 27. Rb1 a5 28. Bb5+ Kd8 29. Rxc3 bxc3 30. Bd3 Kc8 31. Rb3 Ne6 32. Rxc3+ Nc5 33. Nd4 Kb8 34. e5 Rc8 35. exd6 exd6 36. Bb5 Ne4 37. Re3 Rc3 38. Re2 f5 39. Bd3 Ra3 40. Bb5 Ra1 41. Nb3 Rd1 42. Nxa5 Ba8 43. g4 Kc7 44. gxf5 gxf5 45. Nc4 Rh1+ 46. Kxh1 Ng3+ 47. Kh2 Nxe2 48. Nxd6 Nd4 49. Ne8+ Kb6 50. Bd3 Bc6 51. Ng7 Bxa4 52. c3 Bb5 53. Bxf5 Ne2 54. Bxh7 Nxf4 55. h4 Kc5 56. Bg8 Ne2 57. h5 Nxc3 58. h6 Bd3 59. Be6 Nd5 60. Kg3 Nf6 61. Kf4 Kd6 62. Bf5 Bxf5 63. Kxf5 Ke7 64. Kg6 Nd7 65. Nf5+ Ke6 66. Nd4+ Ke7 67. Nc6+ Ke6 68. Kg7 Nf6 69. Nd4+ Ke5 70. Kf7 Nh7 71. Kg6 Nf6 72. Nf3+ Ke6 73. Ng5+ Ke5 74. Ne4 1-0

[Event "Leeuwarden op"]
[Site "Leeuwarden"]
[Date "1997.??.??"]
[Round "2"]
[White "Boersma, Paul"]
[Black "Nijboer, Friso"]
[Result "0-1"]
[WhiteElo "2350"]
[BlackElo "2605"]
[PlyCount "60"]
[EventDate "1997.11.08"]
[EventType "swiss"]
[EventRounds "9"]
[EventCountry "NED"]
[SourceTitle "EXT 1999"]
[Source "ChessBase"]
[SourceDate "1998.11.16"]
[SourceVersion "1"]
[SourceVersionDate "1998.11.16"]
[SourceQuality "1"]

1. g3 g6 2. Bg2 Bg7 3. e4 d6 4. f4 e5 5. Nf3 exf4 6. gxf4 Ne7 7. d3 0-0 8. c3 c5 9. Be3 Nbc6 10. Nbd2 b6 11. h4 h5 12. f5 d5 13. 0-0 gxf5 14. Ng5 f6 15. exd5 Nxd5 16. Qb3 Nce7 17. Rae1 Kh8 18. Qd1 fxg5 19. Bxg5 Rb8 20. Qxh5+ Kg8 21. Bxd5+ Qxd5 22. Rxe7 Rb7 23. Rfe1 Rxe7 24. Rxe7 Qd6 25. Nf3 f4 26. Rxa7 Bd7 27. d4 cxd4 28. cxd4 Bxd4+ 29. Kh2 Bg7 30. b4 Re8 0-1

[Event "Leeuwarden op"]
[Site "Leeuwarden"]
[Date "1997.??.??"]
[Round "1"]
[White "Kharitonov, Andrei Y"]
[Black "Boersma, Paul"]
[Result "1-0"]
[WhiteElo "2540"]
[BlackElo "2350"]
[PlyCount "73"]
[EventDate "1997.11.08"]
[EventType "swiss"]
[EventRounds "9"]
[EventCountry "NED"]
[SourceTitle "EXT 1999"]
[Source "ChessBase"]
[SourceDate "1998.11.16"]
[SourceVersion "1"]
[SourceVersionDate "1998.11.16"]
[SourceQuality "1"]

1. d4 Nf6 2. Nf3 d6 3. c4 g6 4. g3 Bg7 5. Bg2 0-0 6. 0-0 Nc6 7. Nc3 Rb8 8. d5 Na5 9. Nd2 Nd7 10. Qc2 Ne5 11. b3 c6 12. Bb2 b5 13. cxb5 cxb5 14. f4 Ng4 15. Nd1 e5 16. dxe6 Bxe6 17. Bxg7 Kxg7 18. Qc3+ Qf6 19. Qxf6+ Nxf6 20. Nf2 Rfc8 21. Rfc1 Nd5 22. Nde4 b4 23. Nd1 Rb6 24. Rxc8 Bxc8 25. Rc1 Bb7 26. Nef2 Rc6 27. Rxc6 Bxc6 28. Nd3 Nc3 29. Nxb4 Nxe2+ 30. Kf2 Bxg2 31. Kxg2 Nb7 32. Nc6 a6 33. Kf2 Nc1 34. Nc3 Nd3+ 35. Ke3 Ndc5 36. b4 Ne6 37. Nd5 1-0

[Event "EU-Cup 09th final"]
[Site "Hilversum"]
[Date "1993.12.12"]
[Round "3"]
[White "Basagic, Zlatko"]
[Black "Boersma, Paul"]
[Result "1-0"]
[WhiteElo "2415"]
[BlackElo "2365"]
[PlyCount "81"]
[EventDate "1993.12.10"]
[EventType "team-k.o."]
[EventRounds "3"]
[EventCountry "NED"]
[SourceTitle "EXT 2020"]
[Source "ChessBase"]
[SourceDate "2019.10.17"]
[SourceVersion "1"]
[SourceVersionDate "2019.10.17"]
[SourceQuality "1"]
[WhiteTeam "Sarajevo Bosna"]
[BlackTeam "Hilversum HSG"]
[WhiteTeamCountry "BIH"]
[BlackTeamCountry "NED"]

1. d4 Nf6 2. c4 e6 3. Nf3 b6 4. Bf4 Bb7 5. e3 Be7 6. h3 c5 7. dxc5 bxc5 8. Nc3 d6 9. Qc2 Nbd7 10. Rd1 Qb8 11. Be2 h6 12. 0-0 0-0 13. Rd2 Rd8 14. e4 Nf8 15. e5 Nh5 16. Bh2 Ng6 17. Rfd1 Nhf4 18. Ne4 d5 19. cxd5 Nxe2+ 20. Rxe2 Rxd5 21. Rxd5 Bxd5 22. Nfd2 a5 23. Nc3 Bc6 24. Nc4 Nh4 25. Ne3 Qb7 26. f4 Rd8 27. Bg3 Rd4 28. f5 exf5 29. Bxh4 Rxh4 30. Nxf5 Rf4 31. e6 Bf6 32. e7 Be8 33. Rf2 Rxf5 34. Rxf5 Bd4+ 35. Kh1 Qxe7 36. Qe4 Qd7 37. Nd5 Qe6 38. Ne7+ Kh7 39. Re5+ f5 40. Rxe6 fxe4 41. Nf5 1-0

[Event "NED-ch49 sf"]
[Site "Enschede"]
[Date "1993.10.31"]
[Round "6"]
[White "Boersma, Paul"]
[Black "Reinderman, Dimitri"]
[Result "1-0"]
[WhiteElo "2365"]
[BlackElo "2435"]
[PlyCount "89"]
[EventDate "1993.10.22"]
[EventType "swiss"]
[EventRounds "9"]
[EventCountry "NED"]
[SourceTitle "EXT 1997"]
[Source "ChessBase"]
[SourceDate "1996.11.15"]
[SourceVersion "1"]
[SourceVersionDate "1996.11.15"]
[SourceQuality "1"]

1. e4 c5 2. Nf3 Nc6 3. Bb5 g6 4. 0-0 Bg7 5. Re1 e5 6. Bxc6 dxc6 7. d3 Qe7 8. Nbd2 Nh6 9. a3 0-0 10. Nc4 f6 11. b4 cxb4 12. axb4 Be6 13. Qd2 Nf7 14. Qc3 b6 15. Bb2 Bg4 16. Ncd2 Bd7 17. Ra6 Bc8 18. Ra4 Nd6 19. Qa3 Be6 20. Qa1 Rfc8 21. d4 exd4 22. Bxd4 c5 23. bxc5 bxc5 24. Bb2 Ne8 25. Nf1 Qb7 26. N3d2 Rd8 27. c4 Rd3 28. Bc3 f5 29. Bxg7 Qxg7 30. exf5 Bxf5 31. Rxa7 Qxa1 32. Rexa1 Rad8 33. Nf3 Rd1 34. Ne1 Be6 35. Ne3 Rxa1 36. Rxa1 Rd4 37. Nf3 Rd3 38. Ne5 Rc3 39. h3 Kg7 40. Ra5 Nd6 41. Rxc5 Ne4 42. Rc7+ Kf6 43. N5g4+ Bxg4 44. Nd5+ Ke5 45. Nxc3 1-0

[Event "NED-ch49 sf"]
[Site "Enschede"]
[Date "1993.10.24"]
[Round "3"]
[White "Boersma, Paul"]
[Black "Hartoch, Robert G"]
[Result "1/2-1/2"]
[WhiteElo "2365"]
[BlackElo "2345"]
[PlyCount "39"]
[EventDate "1993.10.22"]
[EventType "swiss"]
[EventRounds "9"]
[EventCountry "NED"]
[SourceTitle "EXT 1997"]
[Source "ChessBase"]
[SourceDate "1996.11.15"]
[SourceVersion "1"]
[SourceVersionDate "1996.11.15"]
[SourceQuality "1"]

1. e4 d6 2. d4 Nf6 3. Nc3 e5 4. Nf3 Nbd7 5. Bc4 Be7 6. 0-0 0-0 7. Re1 a6 8. a4 b6 9. Ne2 c5 10. dxe5 Nxe5 11. Nxe5 dxe5 12. Nc3 Be6 13. Nd5 Bxd5 14. exd5 Qc7 15. Qe2 Rfd8 16. Bxa6 Nxd5 17. Bc4 Bf6 18. g3 Rd6 19. Rd1 Rad8 20. Bd2 1/2-1/2

[Event "Tilburg"]
[Site "Tilburg"]
[Date "1993.??.??"]
[Round "1"]
[White "Boersma, Paul"]
[Black "Beliavsky, Alexander G"]
[Result "1/2-1/2"]
[WhiteElo "2365"]
[BlackElo "2635"]
[PlyCount "104"]
[EventDate "1993.11.??"]
[EventType "k.o."]
[EventRounds "7"]
[EventCountry "NED"]
[SourceTitle "CBM 039"]
[Source "ChessBase"]
[SourceDate "1994.04.01"]
[SourceVersion "1"]
[SourceVersionDate "1994.04.01"]
[SourceQuality "1"]

1. c4 e6 2. g3 d5 3. Bg2 Nf6 4. Nf3 Be7 5. 0-0 0-0 6. b3 a5 7. Nc3 Bd7 8. d4 a4 9. cxd5 Nxd5 10. Nxa4 Bxa4 11. bxa4 Nc6 12. Qb3 Ra6 13. Rd1 Rb6 14. Qc2 Ncb4 15. Qd2 Qa8 16. e4 Nf6 17. Qe2 Qxa4 18. Bf4 Rc6 19. Rd2 Rc3 20. Ne5 c6 21. Rb1 Rd8 22. h4 b5 23. Rbb2 h6 24. Kh2 Qa7 25. Be3 Qa3 26. Bf3 Nd7 27. Nxd7 Rxd7 28. Bg2 Bf6 29. Qg4 Kf8 30. Qd1 Rd8 31. Rb3 Rxb3 32. axb3 Be7 33. d5 cxd5 34. exd5 Nxd5 35. Bxd5 exd5 36. Rxd5 Qa8 37. Rxd8+ Qxd8 38. Qc2 Kg8 39. Qc6 b4 40. Bb6 Qb8 41. Kg2 Bf8 42. Bc5 Bxc5 43. Qxc5 Qa8+ 44. Kh2 Qf3 45. Qxb4 Qxf2+ 46. Kh3 Qf3 47. Kh2 Kh7 48. Qc4 g5 49. hxg5 hxg5 50. g4 Qf2+ 51. Kh3 Qf3+ 52. Kh2 Qf2+ 1/2-1/2

[Event "NED-chT"]
[Site "Netherlands"]
[Date "1993.??.??"]
[Round "2"]
[White "Boersma, Paul"]
[Black "Bosman, Michiel"]
[Result "1-0"]
[WhiteElo "2365"]
[BlackElo "2285"]
[PlyCount "95"]
[EventDate "1993.??.??"]
[EventType "team"]
[EventRounds "11"]
[EventCountry "NED"]
[SourceTitle "EXT 1997"]
[Source "ChessBase"]
[SourceDate "1996.11.15"]
[SourceVersion "1"]
[SourceVersionDate "1996.11.15"]
[SourceQuality "1"]

1. Nf3 Nf6 2. c4 e6 3. g3 b6 4. Bg2 Bb7 5. 0-0 Be7 6. b3 0-0 7. Bb2 Na6 8. d3 d5 9. Nbd2 c5 10. a3 Nd7 11. e4 d4 12. e5 Nab8 13. b4 Qc7 14. Re1 Nc6 15. b5 Nd8 16. Bc1 f5 17. exf6 Nxf6 18. a4 Bd6 19. Ng5 Bxg2 20. Kxg2 e5 21. Qf3 Qb7 22. a5 Rb8 23. Qxb7 Rxb7 24. Nde4 Bb8 25. axb6 axb6 26. Ra8 h6 27. Nxf6+ gxf6 28. Nf3 Kg7 29. g4 Rh8 30. Nh4 Nf7 31. Nf5+ Kg6 32. Re2 h5 33. f3 Rh7 34. Rea2 Ng5 35. Ng3 h4 36. Bxg5 hxg3 37. Bc1 Rxh2+ 38. Kxg3 Rxa2 39. Rxa2 e4+ 40. f4 e3 41. Kf3 Ra7 42. Ra6 Rxa6 43. bxa6 f5 44. g5 Ba7 45. Bxe3 b5 46. cxb5 dxe3 47. Kxe3 c4+ 48. Kd2 1-0

[Event "NED-chT"]
[Site "Netherlands"]
[Date "1993.??.??"]
[Round "7"]
[White "Boersma, Paul"]
[Black "Knoppert, Erik"]
[Result "0-1"]
[WhiteElo "2365"]
[BlackElo "2375"]
[PlyCount "78"]
[EventDate "1993.??.??"]
[EventType "team"]
[EventRounds "11"]
[EventCountry "NED"]
[SourceTitle "EXT 1997"]
[Source "ChessBase"]
[SourceDate "1996.11.15"]
[SourceVersion "1"]
[SourceVersionDate "1996.11.15"]
[SourceQuality "1"]

1. e4 c5 2. Nf3 d6 3. Bb5+ Bd7 4. c4 Bxb5 5. cxb5 Nf6 6. Nc3 g6 7. d3 Bg7 8. 0-0 0-0 9. h3 Nbd7 10. a4 Rc8 11. Bg5 h6 12. Bh4 Ne8 13. Nd2 Nc7 14. Nc4 Ne5 15. Ne3 Ne6 16. f4 Nd7 17. Ncd5 Nf6 18. Bxf6 Bxf6 19. Nxf6+ exf6 20. f5 Nd4 21. Nd5 Kg7 22. Rf2 Qe8 23. Qg4 g5 24. Nf4 Qe5 25. Nh5+ Kh8 26. Rc1 Rfd8 27. h4 Rg8 28. hxg5 Rxg5 29. Qh4 Rcg8 30. Kh1 d5 31. Rxc5 Qe7 32. Rxd5 Qb4 33. Rxd4 Qe1+ 34. Kh2 Rxg2+ 35. Rxg2 Qxh4+ 36. Kg1 Qxh5 37. Rd7 Qf3 38. Rxg8+ Kxg8 39. b4 h5 0-1

[Event "NED-chT"]
[Site "Netherlands"]
[Date "1993.??.??"]
[Round "6"]
[White "Sziva, Erika"]
[Black "Boersma, Paul"]
[Result "1-0"]
[WhiteElo "2235"]
[BlackElo "2365"]
[PlyCount "49"]
[EventDate "1993.??.??"]
[EventType "team"]
[EventRounds "11"]
[EventCountry "NED"]
[SourceTitle "EXT 1997"]
[Source "ChessBase"]
[SourceDate "1996.11.15"]
[SourceVersion "1"]
[SourceVersionDate "1996.11.15"]
[SourceQuality "1"]

1. e4 c6 2. d4 d5 3. exd5 cxd5 4. c4 Nf6 5. Nc3 e6 6. Nf3 Bb4 7. cxd5 Nxd5 8. Qc2 Nc6 9. Bd3 Ba5 10. a3 Nxc3 11. bxc3 Nxd4 12. Nxd4 Qxd4 13. Bb5+ Bd7 14. 0-0 Rc8 15. Rd1 Qxd1+ 16. Qxd1 Bxb5 17. Qh5 a6 18. Bb2 Bd8 19. c4 Rxc4 20. Bxg7 Rh4 21. Qe5 Rg8 22. Rd1 Rc4 23. Qb8 Bd7 24. Bf6 Rc8 25. Qxc8 1-0

[Event "NED-chT"]
[Site "Netherlands"]
[Date "1993.??.??"]
[Round "3"]
[White "Tjiam, Dharma"]
[Black "Boersma, Paul"]
[Result "0-1"]
[WhiteElo "2290"]
[BlackElo "2365"]
[PlyCount "66"]
[EventDate "1993.??.??"]
[EventType "team"]
[EventRounds "11"]
[EventCountry "NED"]
[SourceTitle "EXT 1997"]
[Source "ChessBase"]
[SourceDate "1996.11.15"]
[SourceVersion "1"]
[SourceVersionDate "1996.11.15"]
[SourceQuality "1"]

1. e4 c6 2. d4 d5 3. Nd2 dxe4 4. Nxe4 Nf6 5. Nxf6+ exf6 6. c3 Bd6 7. Bd3 0-0 8. Ne2 Nd7 9. 0-0 Qc7 10. Ng3 Rd8 11. Qh5 Nf8 12. Be3 Be6 13. c4 f5 14. f4 g6 15. Qf3 b5 16. Rfc1 bxc4 17. Bxc4 Qb7 18. b3 Bd5 19. Qf2 Nd7 20. Bd3 Nf6 21. h3 Re8 22. Re1 a5 23. Bd2 Rxe1+ 24. Rxe1 a4 25. Bxf5 axb3 26. axb3 Qxb3 27. Ne4 Bxe4 28. Bxe4 Nxe4 29. Rxe4 Qc2 30. Re2 Ra2 31. f5 Qd1+ 32. Re1 Qxd2 33. Re8+ Bf8 0-1